<?xml version="1.0" encoding="UTF-8"?>
<marc:record xmlns:marc="http://www.loc.gov/MARC21/slim">
   <marc:leader>00000nam a2200000 a 4500</marc:leader>
   <marc:datafield ind1="1" ind2=" " tag="100">
      <marc:subfield code="a">Ponti, James</marc:subfield>
      <marc:subfield code="4">aut</marc:subfield>
      <marc:subfield code="e">Verfasser/-in</marc:subfield>
   </marc:datafield>
   <marc:datafield ind1="1" ind2=" " tag="100">
      <marc:subfield code="a">Ströle, Wolfram</marc:subfield>
      <marc:subfield code="4">trl</marc:subfield>
      <marc:subfield code="e">Übersetzer/-in</marc:subfield>
   </marc:datafield>
   <marc:datafield ind1="0" ind2="0" tag="245">
      <marc:subfield code="a">City Spies 1 - Gefährlicher Auftrag</marc:subfield>
   </marc:datafield>
   <marc:datafield ind1="0" ind2="0" tag="245">
      <marc:subfield code="c">James Ponti. Wolfram Ströle</marc:subfield>
   </marc:datafield>
   <marc:datafield ind1=" " ind2="1" tag="264">
      <marc:subfield code="a">Hamburg</marc:subfield>
      <marc:subfield code="b">Carlsen</marc:subfield>
      <marc:subfield code="c">2020</marc:subfield>
   </marc:datafield>
   <marc:datafield ind1="1" ind2=" " tag="520">
      <marc:subfield code="a">Der spannende Auftakt einer neuen Agenten-Serie à la Spy Kids -r asant, riskant und richtig gut!&lt;br/&gt;&lt;br/&gt;Der 12-jährigen Sara drohen mehrere Jahre Jugendhaft. Dabei hat sie das System der New Yorker Justizbehörde doch nur gehackt, um ihre kriminellen Pflegeeltern zu entlarven! Doch dann bietet ihr der mysteriöse Agent »Mother« einen Ausweg an: Sie soll bei den »City Spies« einsteigen, einem Team von fünf Kindern aus aller Welt, die ein schottisches Internat besuchen, in Wahrheit aber für den britischen MI6 arbeiten. Sara sagt Ja  und landet mitten in einer heiklen Mission: Eine geheime Organisation und ein fieser Plan gefährden den Jugendumweltgipfel in Paris.   &lt;br/&gt;&lt;br/&gt;Band 1 der temporeichen Spionage-Serie, die es aus dem Stand auf die New-York-Times-Bestsellerliste schaffte  fünf smarte Kids und jede Menge Action!  &lt;br/&gt;&lt;br/&gt;»Eine rasante Geschichte, spannend, witzig und mit knackigen Dialogen.« Booklist&lt;br/&gt;&lt;br/&gt;Antolin!</marc:subfield>
   </marc:datafield>
   <marc:datafield ind1=" " ind2=" " tag="020">
      <marc:subfield code="a">9783551557667</marc:subfield>
      <marc:subfield code="9">9783551557667</marc:subfield>
   </marc:datafield>
   <marc:datafield ind1=" " ind2=" " tag="041">
      <marc:subfield code="a">ger</marc:subfield>
   </marc:datafield>
   <marc:datafield ind1="1" ind2=" " tag="521">
      <marc:subfield code="a">0</marc:subfield>
   </marc:datafield>
   <marc:datafield ind1=" " ind2=" " tag="300">
      <marc:subfield code="a">352 Seiten</marc:subfield>
   </marc:datafield>
</marc:record>
